| 000 | 00606nam a2200253Ia 4500 | ||
|---|---|---|---|
| 001 | 638 | ||
| 005 | 20240113233422.0 | ||
| 007 | ta | ||
| 008 | 160829s1968 ii a g b000 u 465 u | ||
| 020 | _cHB | ||
| 040 | _aRef. stack | ||
| 041 | _aeng | ||
| 082 |
_a780.92 _bHa 17 Li |
||
| 100 | _aHamlyn, Paul . | ||
| 245 | 0 |
_aLife and times of chopin / _cPaul Hamlyn. _hTextual Documents |
|
| 250 | _a2nd ed / | ||
| 260 |
_aLondon : _bHamlyn , _c1968. |
||
| 300 |
_a75p. : _bill ; _c29cm . |
||
| 653 | _aChopin | ||
| 700 | _aOrlandi, Enzo . | ||
| 942 |
_2ddc _cBK |
||
| 999 |
_c636 _d636 |
||